000 00437nam a22001457a 4500
005 20180530172549.0
020 _a8189239066
_cRs. 500.00 (hbk)
035 _aB-220522, B220523
037 _aDPL
_bENG
100 _aArora, R.K
245 _aFamily relationship and child development /
_cby R.K. Arora
260 _aNew Delhi
_bMurari Lal and Sons
_c2006
300 _av, 356.p
_c20 cms.
942 _2ddc
_cEN
_h362.82
_mARO
999 _c67865
_d67865